Transfer pricing in Germany : translation of important law and regulations /

Bibliographic Details
Main Author: Kratzer, Carsten.
Other Authors: Blesgen, Martin.
Format: eBook
Language:English
Published: Koln, Germany : Verlag Dr. Otto Schmidt, 2012.
Subjects:
Online Access:Click to View
LEADER 01994nam a2200481 i 4500
001 EBC1046702
003 MiAaPQ
005 20200520144314.0
006 m o d |
007 cr cnu||||||||
008 131211s2012 gw o 001 0 eng d
020 |z 9783504260149 
020 |a 9783504381226  |q (electronic bk.) 
035 |a (MiAaPQ)EBC1046702 
035 |a (Au-PeEL)EBL1046702 
035 |a (CaPaEBR)ebr10812847 
035 |a (CaONFJC)MIL812082 
035 |a (OCoLC)914191706 
040 |a MiAaPQ  |b eng  |e rda  |e pn  |c MiAaPQ  |d MiAaPQ 
043 |a e-gx--- 
050 4 |a HD2859  |b .K738 2012 
082 0 |a 338.88  |2 23 
100 1 |a Kratzer, Carsten. 
245 1 0 |a Transfer pricing in Germany :  |b translation of important law and regulations /  |c von Carsten Kratzer, Martin Blesgen. 
264 1 |a Koln, Germany :  |b Verlag Dr. Otto Schmidt,  |c 2012. 
264 4 |c 2012 
300 |a 1 online resource (392 pages) 
336 |a text  |2 rdacontent 
337 |a computer  |2 rdamedia 
338 |a online resource  |2 rdacarrier 
500 |a Includes index. 
588 |a Description based on online resource; title from PDF title page (ebrary, viewed December 11, 2013). 
590 |a Electronic reproduction. Ann Arbor, MI : ProQuest, 2015. Available via World Wide Web. Access may be limited to ProQuest affiliated libraries. 
650 0 |a International business enterprises  |z Germany. 
650 0 |a Transfer pricing  |x Law and legislation. 
650 0 |a Corporations  |x Taxation  |x Law and legislation. 
650 0 |a Transfer pricing  |z Germany  |v Sources. 
650 0 |a Administrative law  |z Germany  |v Sources. 
655 4 |a Electronic books. 
700 1 |a Blesgen, Martin. 
776 0 8 |i Print version:  |t Transfer pricing in Germany : translation of important law and regulations.  |d Koln, Germany : Verlag Dr. Otto Schmidt, c2012   |h x, 382 pages   |z 9783504260149 
797 2 |a ProQuest (Firm) 
856 4 0 |u https://ebookcentral.proquest.com/lib/matrademy/detail.action?docID=1046702  |z Click to View